Welcome to WEB OPAC of MRSPTU Central Library

Heat and mass transfer (Record no. 5900)

MARC details
000 -LEADER
fixed length control field 00416nam a2200169Ia 4500
008 - FIXED-LENGTH DATA ELEMENTS--GENERAL INFORMATION
fixed length control field 230711s9999||||xx |||||||||||||| ||und||
020 ## - INTERNATIONAL STANDARD BOOK NUMBER
International Standard Book Number 978-81-219-2617-1
041 ## - LANGUAGE CODE
Language code of text/sound track or separate title ENG
082 ## - DEWEY DECIMAL CLASSIFICATION NUMBER
Classification number 621.4022
Item number RA-H
100 ## - MAIN ENTRY--PERSONAL NAME
Personal name Rajput,R.K
245 #0 - TITLE STATEMENT
Title Heat and mass transfer
250 ## - EDITION STATEMENT
Edition statement 1st Ed.
260 ## - PUBLICATION, DISTRIBUTION, ETC.
Date of publication, distribution, etc. 2010
Place of publication, distribution, etc. New Delhi
Name of publisher, distributor, etc. S.Chand & Company Ltd
300 ## - PHYSICAL DESCRIPTION
Extent 919p.
650 ## - SUBJECT ADDED ENTRY--TOPICAL TERM
Topical term or geographic name entry element Mechanical Engineering
942 ## - ADDED ENTRY ELEMENTS (KOHA)
Koha item type Book
Holdings
Withdrawn status Lost status Damaged status Not for loan Collection Home library Current library Date acquired Cost, normal purchase price Inventory number Total checkouts Full call number Barcode Date last seen Price effective from Koha item type Date last checked out
          MRSPTU Central Library MRSPTU Central Library   760.00 742483   621.4022 RA-H 31735 08/17/2023 08/17/2023 Book  
          MRSPTU Central Library MRSPTU Central Library   760.00 742483   621.4022 RA-H 31736 09/04/2023 08/17/2023 Book  
          MRSPTU Central Library MRSPTU Central Library   760.00 742483 1 621.4022 RA-H 31737 12/12/2024 08/17/2023 Book 11/29/2024
          MRSPTU Central Library MRSPTU Central Library   760.00 742483 1 621.4022 RA-H 31738 12/18/2024 08/17/2023 Book 11/29/2024
          MRSPTU Central Library MRSPTU Central Library   760.00 742483 5 621.4022 RA-H 31739 12/04/2024 08/17/2023 Book 11/12/2024
          MRSPTU Central Library MRSPTU Central Library   760.00 742483   621.4022 RA-H 31740 08/17/2023 08/17/2023 Book  
          MRSPTU Central Library MRSPTU Central Library   760.00 742483   621.4022 RA-H 31741 08/17/2023 08/17/2023 Book  
          MRSPTU Central Library MRSPTU Central Library   760.00 742483 5 621.4022 RA-H 31742 12/03/2025 08/17/2023 Book 11/28/2025
          MRSPTU Central Library MRSPTU Central Library   760.00 742483   621.4022 RA-H 31743 08/17/2023 08/17/2023 Book  
          MRSPTU Central Library MRSPTU Central Library   760.00 742483 1 621.4022 RA-H 31744 12/04/2024 08/17/2023 Book 11/29/2024

Website Designed and Developed by MRSPTU Central Library Team

E-mail Id: librarian@mrsptu.ac.in